| 000 | 00624cam a2200217 i 4500 | ||
|---|---|---|---|
| 001 | 20431707 | ||
| 003 | ARRUPE | ||
| 005 | 20240208115346.0 | ||
| 008 | 180404s2017 rh 000 1 eng | ||
| 010 | _a 2017319496 | ||
| 020 | _a9780797483460 | ||
| 040 |
_aDLC _beng _cDLC _erda |
||
| 042 | _alcode | ||
| 050 | 0 | 0 | _aDT524.R24 |
| 100 | 1 |
_aSibanda, Benjamin Sibangani. _952409 |
|
| 245 | 1 | 0 |
_aWhose land is it anyway / _cBenjamin Sibangani Sibanda. |
| 300 |
_a274 pages ; _c22 cm |
||
| 906 |
_a7 _bcbc _corigode _d4 _encip _f20 _gy-gencatlg |
||
| 942 |
_2lcc _cMONOGRAPH |
||
| 999 |
_c131787 _d131787 |
||